| 000 | 01841cam a2200409 i 4500 | ||
|---|---|---|---|
| 999 |
_c629 _d629 |
||
| 001 | 17726178 | ||
| 003 | GZU | ||
| 005 | 20200909095959.0 | ||
| 008 | 130503s2013 coub b 001 0 eng c | ||
| 010 | _a 2013018368 | ||
| 020 | _a9781588269058 (pb : alk. paper) | ||
| 020 | _a9781588269294 (hc : alk. paper) | ||
| 040 |
_aIEN/DLC _beng _cIEN _erda _dDLC |
||
| 042 | _apcc | ||
| 043 | _afb----- | ||
| 050 | 0 | 0 |
_aDT352.5 _b.E54 2013 |
| 082 | 0 | 4 |
_a320.967 _223 |
| 100 | 1 |
_aEnglebert, Pierre, _d1962- _eauthor. |
|
| 245 | 1 | 0 |
_aInside African politics / _cPierre Englebert, Kevin C. Dunn. |
| 264 | 1 |
_aBoulder, Colorado : _bLynne Rienner Publishers, Inc., _c2013. |
|
| 300 |
_axi, 450 pages : _bmaps ; _c23 cm |
||
| 336 |
_atext _btxt _2rdacontent |
||
| 337 |
_aunmediated _bn _2rdamedia |
||
| 338 |
_avolume _bnc _2rdacarrier |
||
| 500 | _a"This textbook provides a systematic introduction to African politics south of the Sahara"--Chapter 1. | ||
| 504 | _aIncludes bibliographical references (pages 385-432) and index. | ||
| 505 | 0 | 0 |
_tWhy study African politics? -- _tThe evolution of African states -- _tPeople, identity and politics -- _tThe practice of power -- _tAn increasing range of regimes -- _tThe economic dimensions of African politics -- _tThe shifting landscape of conflict and security -- _tInternational relations near and far. |
| 650 | 0 |
_aPolitical culture _zAfrica, Sub-Saharan. |
|
| 650 | 0 |
_aPolitical stability _zAfrica, Sub-Saharan. |
|
| 650 | 0 |
_aEthnicity _xPolitical aspects _zAfrica, Sub-Saharan. |
|
| 651 | 0 |
_aAfrica, Sub-Saharan _xPolitics and government. |
|
| 651 | 0 |
_aAfrica, Sub-Saharan _xForeign relations. |
|
| 700 | 1 |
_aDunn, Kevin C., _d1967- _eauthor. |
|
| 906 |
_a7 _bcbc _corignew _d1 _eecip _f20 _gy-gencatlg |
||
| 942 |
_cBK _h352.5 _iENG _kDT |
||